| 000 | 01033cam a2200337 a 4500 | ||
|---|---|---|---|
| 001 | 22939 | ||
| 003 | SK-KTurca | ||
| 005 | 20260512082711.0 | ||
| 008 | 240314s2013 xo g 000 f slo | ||
| 015 | _aSNBA2013/04 | ||
| 020 |
_a9788055133287 _q(viaz.) |
||
| 035 | _aE631D33F-1874-4ABB-AAD8-F13087EC9C01 | ||
| 035 | _aurn:nbn:sk:snk-amlgku | ||
| 035 | _aurn:nbn:sk:snk-am0093xu | ||
| 040 |
_aPPPK _bslo _cPPPK _dSNK _eAACR2 |
||
| 041 | 1 |
_aslo _heng |
|
| 044 |
_axo _cSK |
||
| 072 | 7 |
_a821.111(73) _xAmerická literatúra _2konspekt |
|
| 080 |
_a821.111(73)-31 _22001 |
||
| 100 | 1 |
_aMeacham, Leila _4aut |
|
| 240 | 1 | 0 |
_aTumbleweeds _lSlovensky |
| 245 | 1 | 0 |
_aLáskavec _cLeila Meachamová ; [z anglického originálu] preložila Jana Seichertová |
| 250 | _a[1. vyd.] | ||
| 260 |
_aBratislava _bIkar _c2013 |
||
| 300 |
_a372 s. _c24 cm |
||
| 500 | _aPreložené z angličtiny | ||
| 655 | 7 |
_aamerické romány _2SNKPH |
|
| 655 | 7 |
_aAmerican fiction _2SNKPHeng |
|
| 700 | 1 |
_aSeichertová, Jana _4trl |
|
| 942 |
_2ddc _cKLDO _n0 |
||
| 999 |
_c22939 _d22939 |
||